Guess 2025 KPOP MV BY 1 FRAME - Statistics

General Stats
  • This quiz has been taken 141 times
  • The average score is 10 of 16
Answer Stats
Picture Answer % Correct
HOT
91%
Gnarly
89%
Hot Sauce
87%
Jump
84%
Like Jennie
79%
Gameboy
78%
Air
73%
Dirty work
72%
Love language
72%
Mona Lisa
68%
Killing it girl
51%
Thunder
51%
Lemon drop
47%
If I say I love you
36%
Billyeoon Goyangi
17%
Don't say you love me
15%
No matching quizzes found
Score Distribution
Percent of People with Each Score
Percentile by Number Answered
Your Score History
You have not taken this quiz